বিদ্রোহী রণক্লান্ত : (Record no. 10899)
[ view plain ]
| 000 -LEADER | |
|---|---|
| fixed length control field | 00794nam a2200253 a 4500 |
| 001 - CONTROL NUMBER | |
| JCCL Control Number | 10899 |
| 003 - CONTROL NUMBER IDENTIFIER | |
| JCCL marc code | BD-JhCC |
| 005 - DATE AND TIME OF LATEST TRANSACTION | |
| control field | 20190706083156.0 |
| 008 - FIXED-LENGTH DATA ELEMENTS--GENERAL INFORMATION | |
| fixed length control field | 190527b2018 bd ||||| a||| 00| 0 eng d |
| 020 ## - INTERNATIONAL STANDARD BOOK NUMBER | |
| International Standard Book Number | 9789849302230 |
| 035 ## - SYSTEM CONTROL NUMBER | |
| system control number | (BD-JhCC)10899 |
| 040 ## - CATALOGING SOURCE | |
| Original cataloging agency | BD-JhCC |
| Modifying agency | BD-JhCC |
| 041 ## - LANGUAGE CODE | |
| Language code of Book | eng |
| 082 ## - DEWEY DECIMAL CLASSIFICATION NUMBER | |
| Author mark and Year | MUR 2018 |
| Classification number | 923 |
| 100 ## - MAIN ENTRY--PERSONAL NAME | |
| Personal name | মুরশিদ, গোলাম |
| 245 ## - TITLE STATEMENT | |
| Title | বিদ্রোহী রণক্লান্ত : |
| Remainder of title | নজরুল-জীবনী / |
| Statement of responsibility, etc | গোলাম মুরশিদ, |
| 260 ## - PUBLICATION, DISTRIBUTION, ETC. (IMPRINT) | |
| Place of publication, distribution, etc | ঢাকা: |
| Name of publisher, distributor, etc | প্রথমা প্রকাশন: |
| Date of publication, distribution, etc | 2018. |
| 300 ## - PHYSICAL DESCRIPTION | |
| Pagination | 551 p. : |
| Other physical details | ill. |
| Dimensions | 22 cm. |
| 600 ## - SUBJECT ADDED ENTRY--PERSONAL NAME | |
| Personal name | Islam, Kazi Najrul |
| 650 ## - SUBJECT ADDED ENTRY--TOPICAL TERM | |
| Topical term or geographic name as entry element | Biography |
| 700 ## - ADDED ENTRY--PERSONAL NAME | |
| Personal name | গোলাম মুরশিদ, |
| 942 ## - ADDED ENTRY ELEMENTS (KOHA) | |
| Source of classification or shelving scheme | Dewey Decimal Classification |
| Koha item type | Books |
| Source of classification or shelving scheme | Damaged status | Not for loan | Home library | Current library | Shelving location | Date of accession | Cost, normal purchase price | Total Checkouts | Full call number | Barcode | Date last seen | Copy number | Koha item type |
|---|---|---|---|---|---|---|---|---|---|---|---|---|---|
| Dewey Decimal Classification | JCC Rouf Library | JCC Rouf Library | General Stacks | 06/18/2019 | 640.00 | 923 MUR 2018 | 14878 | 05/27/2019 | C-1 | Books |